00578nam a22001937a 4500003000500000005001700005008004100022010001100063011001100074020001800085035001100103040000900114245011600123260003600239300001900275650001900294650003900313700003200352CHAP20220329143921.0120821s2011 mx a r 00010 spa d a103698 a104670 a9786074256987 a115360 cCHAP00aEnraizamiento de veretas para la propagación de nochebuena de solc/por Faustino García Pérez ...[et al.] aMéxico, D.F. :bINIFAP,c2011 a21 p. :bilus.14aEnraizamiento.14aFlor de nochebuenaxPropagación.1 aGarcía Pérez, Faustino.